The Grumpy dragon : (Record no. 104022)
[ view plain ]
| 000 -LEADER | |
|---|---|
| fixed length control field | 00754nam a2200193 a 4500 |
| 005 - DATE AND TIME OF LATEST TRANSACTION | |
| control field | 20140412111312.0 |
| 008 - FIXED-LENGTH DATA ELEMENTS--GENERAL INFORMATION | |
| fixed length control field | 010326s19uu xx 00 eng d |
| 020 ## - INTERNATIONAL STANDARD BOOK NUMBER | |
| International Standard Book Number | 0-7835-1305-4 |
| 050 ## - LIBRARY OF CONGRESS CALL NUMBER | |
| Classification number | REF 170 |
| Item number | C54Gr v.6 |
| 245 ## - TITLE STATEMENT | |
| Title | The Grumpy dragon : |
| Remainder of title | a book about making friends. |
| 260 ## - PUBLICATION, DISTRIBUTION, ETC. (IMPRINT) | |
| Place of publication, distribution, etc | Asia : |
| Name of publisher, distributor, etc | Time Life Asia, |
| Date of publication, distribution, etc | 1997. |
| 300 ## - PHYSICAL DESCRIPTION | |
| Extent | 29 p. ; ill. |
| 440 ## - SERIES STATEMENT/ADDED ENTRY--TITLE | |
| Title | A Child's First Library of Values |
| 500 ## - GENERAL NOTE | |
| General note | w/ casette tape |
| 520 ## - SUMMARY, ETC. | |
| Summary, etc | Deep in the forest lives a dragon with such a bad temper that he scares all his visitors away. But one day, two children find his house and help him to stop being grumpy. The dragon starts to have fun and make new friends |
| 650 ## - SUBJECT ADDED ENTRY--TOPICAL TERM | |
| Topical term or geographic name as entry element | Values |
| 650 ## - SUBJECT ADDED ENTRY--TOPICAL TERM | |
| Topical term or geographic name as entry element | Dragons stories - Fiction |
| Withdrawn status | Lost status | Damaged status | Home library | Current library | Shelving location | Date acquired | Source of acquisition | Total Checkouts | Full call number | Barcode | Date last seen | Price effective from | Koha item type |
|---|---|---|---|---|---|---|---|---|---|---|---|---|---|
| Elizalde Library | Elizalde Library | Reference Section | 03/26/2001 | REF 170 C54Gr v.6 | E6281 | 04/12/2014 | 04/12/2014 | Books |